Online
Catalog
Normal view MARC view

Entry Nombre personal

Number of records used in: 1

001 - NÚMERO DE CONTROL

  • campo de control: 10271

003 - IDENTIFICADOR DEL NÚMERO DE CONTROL

  • campo de control: OSt

005 - FECHA Y HORA DE LA ÚLTIMA TRANSACCIÓN

  • campo de control: 20200615032300.0

008 - DATOS DE LONGITUD FIJA

  • campo de control de longitud fija: 200615|| aca||aabn | a|a d

040 ## - FUENTE DE LA CATALOGACIÓN

  • Centro catalogador/agencia de origen: OSt
  • Centro/agencia transcriptor: OSt

100 ## - ENCABEZAMIENTO-NOMBRE DE PERSONA

  • Nombre de persona: FERNANDEZ REYNA, LEONEL ANTONIO
  • Subdivisión general: VISITAS DE ESTADO
  • Subdivisión geográfica: IRLANDA DEL NORTE

670 ## - FUENTE DE DATOS ENCONTRADOS

  • Cita de la fuente: Work cat.: (OSt)3091: República Dominicana Presidencia de la República. Dirección de Información, Prensaa y Publicidad de la Presidencia 10269, Visita oficial al Reino Unido de Gran Bretaña e Irlanda del Norte del Dr. Leonel fernández Reyna =, 2006.

Powered by Koha